Statystyki dla GMINY POWIATU BIAŁOSTOCKIEGO

Kliknij tutaj aby rozwiązać quiz!

Ogólne statystyki

  • Ten quiz został rozwiązany 34 razy
  • Średni wynik to 8 z 15

Statystyki odpowiedzi

Odpowiedź% Poprawnych
Choroszcz
84%
Łapy
76%
Supraśl
76%
Tykocin
72%
Zabłudów
68%
Michałowo
64%
Wasilków
64%
Czarna Białostocka
60%
Juchnowiec Kościelny
56%
Suraż
52%
Turośń Kościelna
44%
Gródek
40%
Dobrzyniewo Duże
32%
Zawady
32%
Poświętne
12%

Rozkład punktacji

Percentyl według liczby udzielonych odpowiedzi

Procent ludzi z każdym wynikiem

Twoja historia wyników

Nie rozwiązałeś tego quizu